000 00770nam a2200193 a 4500
003 0
005 20250509144303.0
008 970101s19uu xx 00 eng d
050 _aPHS BF 698.35.C67
_b.S25 2004
100 _aSalvador, Ma. Richelle Corazon Baarde.
245 _aA Study on the coping mechanisms of students who are under strees /
_cMa. Richelle Corazon Baarde Salvador.
260 _aLas PiƱas City, Philippines :
_bSouthville International School and Colleges,
_c2004.
300 _a41 pages :
_billustrations ;
_c28 cm.
504 _aIncludes bibliographical references.
650 _aStress (Psychology) in adolescence
_zPhilippines.
650 _aStress management
_zPhilippines.
650 _aCoping (Psychology)
_zPhilippines.
942 _2lcc
_cPASS
999 _c97154
_d97154